000 00313nam a22001097a 4500
008 230627b xxu||||| |||| 00| 0 eng d
082 _a338.09
_bROS 1963
245 _aTechnology and Economic Development
_bA Scientific American Book
260 _aAustralia
_bAlfred A. Knopf
_c1963
300 _a236p
942 _2ddc
_cBK
999 _c2795
_d2795